|
|
|
|
| LEADER |
00842nab a2200205 i 4500 |
| 001 |
misc11071 |
| 005 |
20191106142136.0 |
| 008 |
170607s1937 hu o 0|| hun d |
| 022 |
|
|
|a 0025-0260
|
| 040 |
|
|
|a SZTE Miscellanea Repozitórium
|b hun
|
| 041 |
|
|
|a hun
|
| 100 |
1 |
|
|a Váradi József
|
| 245 |
1 |
0 |
|a Kemény Ferenc
|h [elektronikus dokumentum] :
|b Fröbel Frigyes önvallomásai : [könyvismertetés] /
|c Váradi József
|
| 260 |
|
|
|c 1937
|
| 300 |
|
|
|a 276-277
|
| 490 |
0 |
|
|a Magyar pedagógia : a Magyar Tudományos Akadémia Pedagógiai Bizottságának folyóirata
|v 46
|
| 695 |
|
|
|a Fröbel, Friedrich Wilhelm August, Neveléstörténet német könyvismertetés, Neveléstörténet, Fröbel, Fr.
|
| 700 |
0 |
1 |
|a Kemény Ferenc
|
| 700 |
0 |
1 |
|a Fröbel Frigyes
|
| 856 |
4 |
0 |
|u http://misc.bibl.u-szeged.hu/11071/1/mp_1937_3682_276-277.pdf
|z Dokumentum-elérés
|